000 00294nam a2200121Ia 4500
008 221030s9999 xx 000 0 und d
041 _aEnglish
100 _aV. Subbulakshmi
245 0 _aCorporate Finance - Research Insights
_cby V. Subbulakshmi
260 _c0
650 _aMb
942 _cBK
999 _c16588
_d16588